Podstata rizika v podnikateľskej činnosti

Vymedzenie pojmu riziko. Riziko ako merateľná neistota. Rôznorodosť definícií pojmu riziko. Riziko v podnikateľskej činnosti. Riadenie rizík úzko spojené s riadením zmien a procesom rozhodovania.

Gespeichert in:
Bibliographische Detailangaben
1. Verfasser: Rybárová, Daniela, 1967-
Format: Buchkapitel
Sprache:Slowakisch
Schlagworte:
Tags: Tag hinzufügen
Keine Tags, Fügen Sie das erste Tag hinzu!

MARC

LEADER 00000naa$a2200000$$$4500
001 0137038
005 20240502072532.7
041 0 |a slo 
044 |a SK 
245 1 0 |a Podstata rizika v podnikateľskej činnosti  |c Daniela Rybárová 
520 |a Vymedzenie pojmu riziko. Riziko ako merateľná neistota. Rôznorodosť definícií pojmu riziko. Riziko v podnikateľskej činnosti. Riadenie rizík úzko spojené s riadením zmien a procesom rozhodovania. 
610 2 0 |a podnikanie 
610 2 0 |a riziko podnikateľské 
610 2 0 |a riadenie rizík 
610 2 0 |a riadenie podnikové 
610 2 0 |a risk management 
100 1 |a Rybárová, Daniela, 1967-